| 000 | 00766nam a2200217 a 4500 | ||
|---|---|---|---|
| 001 | 000011570 | ||
| 005 | 20200929162508.0 | ||
| 008 | 091021s2009 ag a 000 0 spa d | ||
| 020 | _a9789879350676 | ||
| 040 |
_aDO-SdBNP _bspa _cBNPHU |
||
| 082 | _axxx | ||
| 245 | 0 | 3 |
_aLa literatura argentina por escritores argentinos : _bnarradores, poetas y dramaturgos / _cCordinadora Sylvia Iparraguirre. |
| 260 |
_aBuenos Aires : _bBiblioteca Nacional, _bEnsayos & Debates, _c2009. |
||
| 300 |
_a416 p. : _bil. ; _c24 cm. |
||
| 490 | 1 | _aEnsayos y Debates | |
| 500 | _aIncluye pequeñas biográfias al pie de las páginas | ||
| 500 | _aIncluye notas al pie de las páginas | ||
| 700 | 1 |
_aIparraguirre, Sylvia _924121 |
|
| 830 | 0 |
_aEnsayos y Debates _927400 |
|
| 049 | _aBNPD | ||
| 999 |
_c11265 _d11265 |
||